000 00563cam a2200193 4500500
005 20260329004715.0
041 _afre
042 _adc
100 1 0 _aLarmagnac-Matheron, Octave
_eauthor
245 0 0 _aLe mot/Décence
260 _c2020.
500 _a10
690 _aDécence
690 _aGeorge Orwell
690 _aKamala Harris
690 _aOrwell
786 0 _nPhilosophie magazine | 145 | 1 | 2020-12-01 | p. 6-6 | 1951-1787
856 4 1 _uhttps://shs.cairn.info/magazine-philosophie-magazine-2020-12-1-page-6?lang=fr&redirect-ssocas=7080
999 _c1836476
_d1836476